Kết cấu liên hợp thép - bêtông : Dùng trong nhà cao tầng
Nội dung sách cung cấp các kiến thức cơ bản về kết cấu liên hợp cho các kỹ sư, sinh viên của ngành xây dựng trên cơ sở đó có thể đi đến thiết kế loại kết cấu mới này khi thực tế xây dựng yêu cầu....
Αποθηκεύτηκε σε:
| Κύριος συγγραφέας: | |
|---|---|
| Μορφή: | Βιβλίο |
| Γλώσσα: | Undetermined |
| Έκδοση: |
Hà Nội
Khoa học và Kỹ thuật
2019
|
| Θέματα: | |
| Ετικέτες: |
Προσθήκη ετικέτας
Δεν υπάρχουν, Καταχωρήστε ετικέτα πρώτοι!
|
| Thư viện lưu trữ: | Trung tâm Học liệu Trường Đại học Cần Thơ |
|---|
| LEADER | 00965nam a2200217Ia 4500 | ||
|---|---|---|---|
| 001 | CTU_239244 | ||
| 008 | 210402s9999 xx 000 0 und d | ||
| 020 | |c 128000 | ||
| 082 | |a 624.25 | ||
| 082 | |b H452 | ||
| 100 | |a Phạm, Văn Hội | ||
| 245 | 0 | |a Kết cấu liên hợp thép - bêtông : | |
| 245 | 0 | |b Dùng trong nhà cao tầng | |
| 245 | 0 | |c Phạm Văn Hội | |
| 260 | |a Hà Nội | ||
| 260 | |b Khoa học và Kỹ thuật | ||
| 260 | |c 2019 | ||
| 520 | |a Nội dung sách cung cấp các kiến thức cơ bản về kết cấu liên hợp cho các kỹ sư, sinh viên của ngành xây dựng trên cơ sở đó có thể đi đến thiết kế loại kết cấu mới này khi thực tế xây dựng yêu cầu. | ||
| 650 | |a Bê tông cốt thép,Reinforced concrete | ||
| 910 | |b nthai | ||
| 980 | |a Trung tâm Học liệu Trường Đại học Cần Thơ | ||